00823nam a22002537a 4500999001900000005001700019010001500036020002600051035001400077037001300091082001000104245008400114260003300198270004300231300003500274500002300309700001500332700001800347700001600365700002500381700001700406942002400423952012200447 c147262d14726220181204110913.0 aENG-121342 c995.00a9789387225053 aEN-104874 bDBAD/PUB a363.700aGreen technologies for environmental security /cedited by Bina Rani...[et. al] aAgrabSunjoy Publisherc2017 aB-51, Kamla Nagar, bAgra (UP)e282005 aix, 299 p. :c23 cm(pbk)bill. aIncludes reference aRani, Bani aAbid, Murtaza aSingh, Upma aKhan, M.M. Abid Ali  aPandey, S.N. 2ddccENmGREh363.7 001040718NFICaDBADbBNd2017-11-09eDBAD/PUBg995.00l0o363.7 GREpEN-104874r2017-11-09 00:00:00t1v995.00yEN